000
00279nam a2200121Ia 4500
008
231129s9999||||xx |||||||||||||| ||spa||
040
_b
spa
082
_a
891.7 K11m
100
_a
Kataiev Valentin P.
245
0
_a
Los malversadores
264
_a
Seix Barral
942
_2
ddc
_c
BKS
999
_c
19808
_d
19808